Lobachevsky geometry of (super)conformal mechanics; Physics Letters A; Vol. 373, iss. 11

Podrobná bibliografie
Parent link:Physics Letters A: Scientific Journal
Vol. 373, iss. 11.— 2009.— [P. 1001–1004]
Hlavní autor: Akopyan (Hakobyan) T. S. Tigran Stepanovich
Další autoři: Nersessian A. P. Armen Petrosovich
Shrnutí:Title screen
We give a simple geometric explanation for the similarity transformation mapping one-dimensional conformal mechanics to free-particle system. Namely, we show that this transformation corresponds to the inversion of the Klein model of Lobachevsky space (non-compact complex projective plane) .
Режим доступа: по договору с организацией-держателем ресурса
Jazyk:angličtina
Vydáno: 2009
Témata:
On-line přístup:http://dx.doi.org/10.1016/j.physleta.2009.01.036
Médium: MixedMaterials Elektronický zdroj Kapitola
KOHA link:https://koha.lib.tpu.ru/cgi-bin/koha/opac-detail.pl?biblionumber=641558

MARC

LEADER 00000naa0a2200000 4500
001 641558
005 20250328155045.0
035 |a (RuTPU)RU\TPU\network\6475 
035 |a RU\TPU\network\6471 
090 |a 641558 
100 |a 20150521d2009 k||y0rusy50 ba 
101 0 |a eng 
102 |a US 
135 |a drcn ---uucaa 
181 0 |a i  
182 0 |a b 
200 1 |a Lobachevsky geometry of (super)conformal mechanics  |f T. S. Akopyan (Hakobyan), A. P. Nersessian 
203 |a Text  |c electronic 
300 |a Title screen 
320 |a [References: p. 1004 (20 tit.)] 
330 |a We give a simple geometric explanation for the similarity transformation mapping one-dimensional conformal mechanics to free-particle system. Namely, we show that this transformation corresponds to the inversion of the Klein model of Lobachevsky space (non-compact complex projective plane) . 
333 |a Режим доступа: по договору с организацией-держателем ресурса 
461 |t Physics Letters A  |o Scientific Journal 
463 |t Vol. 373, iss. 11  |v [P. 1001–1004]  |d 2009 
610 1 |a электронный ресурс 
610 1 |a труды учёных ТПУ 
700 1 |a Akopyan (Hakobyan)  |b T. S.  |c physicist  |c Professor of Tomsk Polytechnic University, doctor of physical and mathematical sciences  |f 1965-  |g Tigran Stepanovich  |3 (RuTPU)RU\TPU\pers\35457  |9 18654 
701 1 |a Nersessian  |b A. P.  |c physicist  |c Professor of Tomsk Polytechnic University  |f 1964-  |g Armen Petrosovich  |3 (RuTPU)RU\TPU\pers\34605  |9 17967 
801 2 |a RU  |b 63413507  |c 20151028  |g RCR 
856 4 |u http://dx.doi.org/10.1016/j.physleta.2009.01.036 
942 |c CF